Trans-textos / (Record no. 10686)

MARC details
000 -LEADER
campo de control de longitud fija 00823nam a2200265 i 4500
001 - NÚMERO DE CONTROL
campo de control 10686
003 - IDENTIFICADOR DE NÚMERO DE CONTROL
campo de control ES-MaACL
005 - FECHA Y HORA DE LA ÚLTIMA TRANSACCIÓN
campo de control 20240510063012.0
008 - DATOS DE LONGITUD FIJA--INFORMACIÓN GENERAL
campo de control de longitud fija 900323s1986 sp |||| | spa j
017 ## - NÚMERO DE COPYRIGHT O DE DEPÓSITO LEGAL
Número de copyright o de depósito legal B 42219-1986
Agencia que asigna Oficina Depósito Legal Barcelona
020 ## - NÚMERO INTERNACIONAL ESTÁNDAR DEL LIBRO
Número Internacional Estándar del Libro 8486419077
080 ## - NÚMERO DE LA CLASIFICACIÓN DECIMAL UNIVERSAL
Número de la Clasificación Decimal Universal 82-14(082.2)
245 00 - MENCIÓN DEL TÍTULO
Título Trans-textos /
Mención de responsabilidad, etc. [selección y traducción de] Jaime Siles.
250 ## - MENCION DE EDICION
Mención de edición 1ª ed.
260 ## - PUBLICACIÓN, DISTRIBUCIÓN, ETC.
Lugar de publicación, distribución, etc. Barcelona :
Nombre del editor, distribuidor, etc. Juan Pastor,
Fecha de publicación, distribución, etc. 1986.
300 ## - DESCRIPCIÓN FÍSICA
Extensión 71 páginas ;
Dimensiones 20 cm.
490 1# - MENCIÓN DE SERIE
Mención de serie Devenir ;
Designación de volumen o secuencia 8
650 07 - PUNTO DE ACCESO ADICIONAL DE MATERIA--TÉRMINO DE MATERIA
Término de materia o nombre geográfico como elemento de entrada Poesías
9 (RLIN) 166796
700 1# - ENTRADA AGREGADA--NOMBRE PERSONAL
Nombre de persona Siles, Jaime,
Fechas asociadas al nombre 1951-
Término indicativo de función/relación Editor literario
-- Traductor
9 (RLIN) 106338
830 #0 - PUNTO DE ACCESO ADICIONAL DE SERIE-TÍTULO UNIFORME
Título uniforme Devenir.
Nombre de parte o sección de la obra Serie Poesía ;
Designación de volumen o secuencia 8
9 (RLIN) 236243
852 ## - LOCALIZACIÓN
Ubicación ES-MaACL
Número de control de estantería P-1931 N 8
Ubicación en estantería Depósito 2
itemnumber 10979
942 ## - ELEMENTOS DE ENTRADA SECUNDARIOS (KOHA)
Fuente del sistema de clasificación o colocación Clasificación decimal universal
Tipo de ítem Koha Libro impreso
Suprimir en OPAC No
Holdings
Estatus retirado Estado de pérdida Fuente del sistema de clasificación o colocación Estado de daño No para préstamo Biblioteca de origen Biblioteca actual Ubicación en estantería Fecha de adquisición Total de préstamos Signatura topográfica completa Código de barras Visto por última vez Tipo de ítem Koha
    Clasificación decimal universal     Biblioteca del Ateneo de Madrid Biblioteca del Ateneo de Madrid Depósito 2 17/01/2008   P-1931 N 8 1010900 23/02/2023 Libro impreso